UE La pression fiscale par pays - Statistiques

Statistiques générales
  • Ce quiz a été pris 29 fois
  • Le résultat moyen est 7 sur 27
Statistiques - réponses
% du PIB Pays Rang % Correct
45.15 France 2
96%
46.88 Danemark 1
69%
43.29 Italie 4
38%
42.99 Finlande 5
35%
42.58 Suède 6
35%
42.02 Belgique 7
31%
38.35 Espagne 12
31%
39.51 Allemagne 9
27%
43.46 Autriche 3
27%
39.70 Pays-Bas 8
27%
38.99 Grèce 10
23%
30.64 Bulgarie 22
19%
33.52 Estonie 19
19%
34.00 Hongrie 17
19%
21.06 Irlande 25
19%
31.21 Lettonie 21
19%
32.79 Lituanie 20
19%
38.57 Luxembourg 11
19%
36.77 Pologne 14
19%
35.77 Portugal 16
19%
14.27 Roumanie 27
19%
35.78 Slovaquie 15
19%
37.43 Slovénie 13
19%
33.84 Tchéquie 18
19%
23.81 Malte 23
15%
22.76 Chypre 24
12%
20.70 Croatie 26
12%
Aucun quiz correspondant
Distribution des résultats
% des personnes avec chaque résultat
Percentile par nombre de réponses
Votre historique - résultats
Vous n’avez pas pris ce quiz